000
00296nam a22001337a 4500
020
_a
019560848-8
082
_a
425
_b
RID/B
100
_a
RIDOUT RONALD
245
_a
BETTER ENGLISH
260
_a
NEW YORK
_b
OXFORD UNIVERSITY PRESS
300
_a
96
650
_a
COMPOSITIONS
_z
NEW YORK
942
_c
BK
999
_c
3827
_d
3827